Регионална библиотека "Любен Каравелов" - Русе

Кървава песен (Запис номер 173392)

MARC детайли
000 -Лидер
Контролно поле с фиксирана дължина 01282nam a2200337 a 4500
003 - Код на организацията, давaща контролен номер
Контролно поле BLK
005 - Дата и час на последна редакция
Контролно поле 20240430005253.0
008 - Елементи от данни с фиксирана дължина
fixed length control field 180411b bul|||||r ||||||| ||bul||
010 ## - Наследен системен номер
LC control number KNG00181784000
040 ## - Източник на каталожния запис
Идентификатор на билиотеката - собственик на записа BLK
041 ## - Код за език
Код за езика на текст/звукозапис или на отделно заглавие Български
Код за езика КДБФ Български
080 ## - УДК
Текстов определител УДК Българска литература
УДК код - определител по УДК 821.163.2
УДК определител -1
УДК - код + определител 821.163.2-1
100 ## - Редна дума - Автор
Автор Славейков, Пенчо Петков
Дати, свързани с автора 1866-1912
Автор - информация (биография) Поет. Фолклорист. Преводач от немски и руски език.
R(LIN) 364367
139 ## - Редно поле
Редна дума Славейков, Пенчо Петков
Авторски знак Славе - С 42
245 10 - Сведения за заглавието
Заглавие Кървава песен
Подзаглавни данни Поема
Редно поле (дума) Пенчо Петков Славейков; с предг. от Ангел Тодоров.
250 ## - Област на изданието
Сведения за изданието 8. изд.
257 ## - Страна на издаване
Страна на създаване/издаване България
260 ## - Област на издателските данни
Място на издаване, разпространение и проч. София
Име на издателя, разпространителя и проч. Бълг. писател
Година на издаване 1972
300 ## - Физическа характеристика
Страници 280 с.
Размери/Мащаб 25 см
380 ## - Жанр
Жанр Худож. лит.
490 ## - СЕРИИ (Колекции)
Име на серия Библиотека за ученика
9 (RLIN) 201322
653 ## - Ключова дума – ненормативна
Ключова дума поеми
700 1# - Други автори (авторска отговорност)
Лично име Тодоров, Ангел
Автороска отговорност (Описва отношението между автора и произведението) с предг. от
Друга информация Тошков, Ангел Тодоров
9 (RLIN) 367241
852 ## - Местоположение
Форматна сигнатура Цб 63093
856 4# - Електронен адрес и достъп
Електронен формат pdf - файл
856 4# - Електронен адрес и достъп
Електронен формат pdf - файл
999 ## - СИСТЕМНИ КОНТРОЛНИ НОМЕРА
Koha biblionumber 173392
Koha biblioitemnumber 173392
942 ## - АРТИКУЛИ
Вид на библиотечния материал Книги
Скрит в OPAC Не
Периодичен библиозапис Да
944 ## - СЪЗДАВАНЕ И РЕДАКЦИЯ на ЗАПИСА
Създаване/Редакция Създаване
Дата на регистрацията/редакция 12.05.2006
Служител, извършил регистрацията/редакцията
Статус, дата на статуса CRON CRON
944 ## - СЪЗДАВАНЕ И РЕДАКЦИЯ на ЗАПИСА
Създаване/Редакция Редакция
Дата на регистрацията/редакция 2022-07-28
Служител, извършил регистрацията/редакцията ир
999 ## - СИСТЕМНИ КОНТРОЛНИ НОМЕРА
Koha biblioitemnumber 173392
Наличности
Код за отписване Код за изгубен артикул Източник на класификационната схема Код за повреда Коз за рестрикции Код за отдаване Артикулен № Име на библиотеката - собственик Име на библиотеката, в която се намира в момента Статус (Текущо местоположение) Дата на вписване в системата Местоположение - отдел Цена в лева Инвентарен номер Систематично азбучна сигнатура Баркод Номер на екземпляра Цена в евро Служебна бележка Служебен тип на артикула Бележка за публиката
  Не е изгубен Universal Decimal Classification Не е повреден само за читалня ползва се в читалня 296389 Регионална библиотека "Любен Каравелов" Русе Регионална библиотека "Любен Каравелов" Русе Хранилище 1972-01-01 Хранилище 0.46 118224 Цб 63093 120000118224 1 0.24 Дост: Dp Вид: Сф Дата: 01.01.1972 Книги  
Изтеглен Не е изгубен Universal Decimal Classification Не е повреден без рестрикции заемане за дома 296390 Регионална библиотека "Любен Каравелов" Русе Регионална библиотека "Любен Каравелов" Русе Заемна - подръчен фонд 1972-01-01 Заемна - подръчен фонд 0.46 117324 П 886.7-1/С 42 117324 2 0.24 Дост: Pk Вид: Сф Дата: 01.01.1972 Дата инв: 15.02.2018 Бележки инв: П2018 Книги  
Изтеглен Не е изгубен Universal Decimal Classification Не е повреден без рестрикции заемане за дома 296391 Регионална библиотека "Любен Каравелов" Русе Регионална библиотека "Любен Каравелов" Русе Детски отдел 1972-01-01 Детски отдел 0.46 117450 ДХ 886.7/С 42 117450 3 0.24 Дост: Pk Вид: Сф Дата: 01.01.1972 Дата инв: 25.09.2015 Бележки инв: Д2015 Книги  
Изтеглен Не е изгубен   Не е повреден без рестрикции заемане за дома 296392 Регионална библиотека "Любен Каравелов" Русе Регионална библиотека "Любен Каравелов" Русе   1972-01-01 Детски отдел 0.46 117451 ДХ 886.7/С 42 117451 4 0.24 Дост: Pk Вид: Сф Дата: 01.01.1972 Дата инв: 16.09.2015 Бележки инв: Д2015 Книги Отч.N: 31/2017 , Дата: 01.09.2017
Vip Innovations Ltd, Rousse, Bulgaria 2025